| 000 | 005690000a22001810004500 | ||
|---|---|---|---|
| 003 | MACL | ||
| 005 | 20160131163859.0 | ||
| 008 | 160131b xxu||||| |||| 00| 0 eng d | ||
| 040 |
_aMACL _cMACL |
||
| 041 | _aHindi | ||
| 082 | _a320 | ||
| 100 |
_aपाण्डेय डॉ. जय नारायण _936406 |
||
| 245 | _aभारत का संविधान | ||
| 260 |
_bसेन्ट्रल लाॅ एजेन्सी _c2011 _aइलाहाबाद |
||
| 350 | _a325 | ||
| 650 |
_aसंविधान _9205 |
||
| 942 |
_cHIN _k320 _2ddc |
||
| 999 |
_c45550 _d45550 |
||